| 000 | 00632nam a22001937a 4500 | ||
|---|---|---|---|
| 005 | 20250424164722.0 | ||
| 010 | _aENG-144750 | ||
| 020 |
_a9788196935344 _c495.00 |
||
| 035 | _aEN-128282 | ||
| 037 | _bDBAD | ||
| 082 | _a301 | ||
| 245 |
_aSociology IAS Mains Q&A/ _cEdited by N.N. Ojha |
||
| 260 |
_aNoida _bChronicle Publication _c2024 |
||
| 270 |
_aA-27D, Sector 16 _bNoida _e201301 _k0120-2514610/12 _minfo@chronicleindia.in |
||
| 300 |
_a424 Pages. _c28cm(pbk) |
||
| 500 | _aUPSC & STATE PSCs 2009-2023 IAS Mains Topic-wise PYQ Solved papers | ||
| 700 |
_aOjha, N.N. _977953 |
||
| 942 |
_2ddc _cEN _h301 _mSOC |
||
| 999 |
_c209369 _d209369 |
||